Pokemon that evolve with evolution stones - Statistics

General Stats
  • This quiz has been taken 85 times
  • The average score is 33 of 46
Answer Stats
Stone Answer % Correct
Fire Stone Eevee
100%
Water Stone Eevee
100%
Thunder Stone Eevee
100%
Leaf Stone Eevee
100%
Ice Stone Eevee
100%
Fire Stone Vulpix
94%
Ice Stone Vulpix
94%
Fire Stone Growlithe
93%
Thunder Stone Pikachu
93%
Moon Stone Clefairy
89%
Leaf Stone Gloom
87%
Sun Stone Gloom
87%
Moon Stone Nidorina
87%
Moon Stone Nidorino
87%
Dawn Stone Kirlia
83%
Water Stone Poliwhirl
81%
Dawn Stone Snorunt
80%
Water Stone Staryu
80%
Moon Stone Jigglypuff
76%
Shiny Stone Togetic
76%
Sun Stone Sunkern
74%
Dusk Stone Murkrow
72%
Water Stone Shellder
70%
Fire Stone Pansear
69%
Dusk Stone Misdreavus
67%
Shiny Stone Roselia
67%
Leaf Stone Weepinbell
67%
Water Stone Panpour
65%
Ice Stone Sandshrew
65%
Water Stone Lombre
63%
Thunder Stone Eelektrik
61%
Leaf Stone Nuzleaf
61%
Leaf Stone Pansage
61%
Sun Stone Helioptile
57%
Dusk Stone Lampent
57%
Moon Stone Munna
56%
Sun Stone Cottonee
54%
Sun Stone Petilil
54%
Leaf Stone Exeggcute
52%
Thunder Stone Magneton
50%
Moon Stone Skitty
48%
Ice Stone Darumaka
46%
Thunder Stone Charjabug
43%
Shiny Stone Minccino
43%
Dusk Stone Doublade
41%
Shiny Stone Floette
41%
No matching quizzes found
Score Distribution
Percent of People with Each Score
Percentile by Number Answered
Your Score History
You have not taken this quiz